Современная мысль (Запись № 10643943)

Подробности
000 -МАРКЕР
контрольное поле 01761nas1a2200313 i 4500
001 - ИДЕНТИФИКАТОР ЗАПИСИ
контрольное поле RU\NLR\DRGNLR\4488
005 - ИДЕНТИФИКАТОР ВЕРСИИ
контрольное поле 20240729012840.0
035 ## - ДРУГИЕ СИСТЕМНЫЕ НОМЕРА
Идентификатор записи (NLR Aleph) 010313060
100 ## - ДАННЫЕ ОБЩЕЙ ОБРАБОТКИ
Данные общей обработки 20080514b19061907u y0rusy50 ca
101 0# - ЯЗЫК РЕСУРСА
Язык текста, звукозаписи и т.д. русский
102 ## - СТРАНА ПУБЛИКАЦИИ ИЛИ ПРОИЗВОДСТВА
Страна публикации Российская Федерация
110 ## - ПОЛЕ КОДИРОВАННЫХ ДАННЫХ: ПРОДОЛЖАЮЩИЕСЯ РЕСУРСЫ
Кодированные данные продолжающегося ресурса caa||||||||
200 1# - ЗАГЛАВИЕ И СВЕДЕНИЯ ОБ ОТВЕТСТВЕННОСТИ
Основное заглавие Современная мысль
Сведения, относящиеся к заглавию [Ежедн. полит.-экон. и лит. газ.]
Первые сведения об ответственности Ред.-изд. Ф.С.Груздев
207 #1 - ОБЛАСТЬ СПЕЦИФИЧЕСКИХ СВЕДЕНИЙ: НУМЕРАЦИЯ ПРОДОЛЖАЮЩИХСЯ РЕСУРСОВ
Нумерация: даты и обозначения томов 1906, 1 окт. - 1907, 1 янв.
210 ## - ПУБЛИКАЦИЯ, РАСПРОСТРАНЕНИЕ И ДР.
Место издания, распространения и т.д. СПб
Дата издания, распространения и т.д. 1906
311 ## - ПРИМЕЧАНИЯ, ОТНОСЯЩИЕСЯ К ПОЛЯМ СВЯЗИ (ПРИМЕЧАНИЯ О СВЯЗИ С ДРУГИМИ ПРОИЗВЕДЕНИЯМИ (ИЗДАНИЯМИ))
Текст примечания Изд. вместо газ. "Современная Россия" (см. ); С 21 янв. 1907 изд. газ. "Современная речь" (см. )
430 #0 - ПРОДОЛЖЕН
Встроенное поле 001RU\NLR\DRGNLR\4491
-- 2001#$aСовременная Россия$fРед.-изд. Н.Г.Молоствов
Системный номер (АБИС) связанной записи 10643953
Место публикации СПб
Дата публикации 1906
Первые сведения об ответственности Ред.-изд. Н.Г.Молоствов
Заглавие Современная Россия
440 #0 - ПРОДОЛЖАЕТСЯ ПОД ...
Встроенное поле 001RU\NLR\DRGNLR\4490
-- 2001#$aСовременная речь$eГаз. полит., экон. и лит.$fРед.-изд. М.Городецкий
Системный номер (АБИС) связанной записи 10643950
Место публикации СПб
Дата публикации 1907, 21 янв - 20 мая
Первые сведения об ответственности Ред.-изд. М.Городецкий
Сведения, относящиеся к заглавию Газ. полит., экон. и лит.
Заглавие Современная речь
540 1# - ДОПОЛНИТЕЛЬНОЕ ЗАГЛАВИЕ, ПРИМЕНЯЕМОЕ КАТАЛОГИЗАТОРОМ
Заглавие Современная мысль
702 #1 - ИМЯ ЛИЦА - ВТОРИЧНАЯ ОТВЕТСТВЕННОСТЬ
Начальный элемент ввода Груздев
Часть имени, кроме начального элемента ввода Ф.С.
Расширение инициалов личного имени Фавст Сергеевич
Код отношения Редактор
801 #0 - ИСТОЧНИК ЗАПИСИ
Страна Российская Федерация
Организация NLR
Дата составления 20080514
Правила каталогизации PSBO
Источник данных gzdor_isis
801 #2 - ИСТОЧНИК ЗАПИСИ
Страна Российская Федерация
Организация NLR
Дата составления 20080514
Правила каталогизации PSBO
Источник данных rusmarc
852 ## - МЕСТОНАХОЖДЕНИЕ И ШИФР ХРАНЕНИЯ
Идентификатор организации NLR
Шифр хранения (Call Number) 1-П/1-154бис
942 ## - ДОПОЛНИТЕЛЬНЫЕ ЭЛЕМЕНТЫ ЗАПИСИ (АБИС)
Тип экземпляра АБИС Газета
980 ## - КОЛЛЕКЦИЯ
Название коллекции Газеты России (1703 - 1917)

Нет доступных экземпляров.